00298nam a2200133Ia 45000030006000000080041000060400015000471000016000622450031000782600020001093000006001295460012001350050017001470STCL150530s9999 xx 000 0 und d aSTCLcSTCL aBabu Rao, M aJournal of Aquatic Biology c2009aHyderabad a0 aEnglish20220125170422.0